000 00616nam a2200217Ia 4500
003 OSt
005 20220918191844.0
006 a|||||r|||| 00| 0
007 ta
008 220917b |||||||| |||| 00| 0 eng d
024 _a65,407
037 _cTextual
040 _aARTS
_cARTS
_beng
041 _2eng
_aeng
082 _aR29(B6), D6
100 _aMach Ernst
_95228
245 0 _aSpace and geometry ; in the light of physiological psychological and physical inquiry
260 _aLa
_bsalle The open Court Pub
_c1906
942 _hR29(B6), D6
_cTEXL
_2CC
999 _c191650
_d191650